<?xml version="1.0" encoding="UTF-8"?>
<record
    xmlns:xsi="http://www.w3.org/2001/XMLSchema-instance"
    xsi:schemaLocation="http://www.loc.gov/MARC21/slim http://www.loc.gov/standards/marcxml/schema/MARC21slim.xsd"
    xmlns="http://www.loc.gov/MARC21/slim">

  <leader>00674nam a22001817a 4500</leader>
  <controlfield tag="003">UA-OsUOA</controlfield>
  <controlfield tag="001"> 15834 </controlfield>
  <controlfield tag="007">ta</controlfield>
  <controlfield tag="008">20031209b un ||||| |||| 00| 0 ukr d</controlfield>
  <datafield tag="100" ind1=" " ind2=" ">
    <subfield code="a">&#x421;&#x442;&#x435;&#x446;&#x44E;&#x43A; &#x422;.</subfield>
  </datafield>
  <datafield tag="942" ind1=" " ind2=" ">
    <subfield code="c">SA</subfield>
  </datafield>
  <datafield tag="040" ind1=" " ind2=" ">
    <subfield code="a">UA-OsUOA</subfield>
    <subfield code="c">UA-OsUOA</subfield>
    <subfield code="d">UA-OsUOA</subfield>
  </datafield>
  <datafield tag="245" ind1=" " ind2=" ">
    <subfield code="a">&#x412; "&#x423;&#x43A;&#x440;&#x442;&#x435;&#x43B;&#x435;&#x43A;&#x43E;&#x43C;&#x456;" &#x43F;&#x440;&#x430;&#x446;&#x44E;&#x44E;&#x442;&#x44C; &#x43D;&#x430; &#x43F;&#x435;&#x440;&#x441;&#x43F;&#x435;&#x43A;&#x442;&#x438;&#x432;&#x443;</subfield>
    <subfield code="b">[&#x41F;&#x440;&#x43E; &#x440;&#x43E;&#x431;&#x43E;&#x442;&#x443; &#x43A;&#x43E;&#x43B;&#x435;&#x43A;&#x442;&#x438;&#x432;&#x443; &#x420;&#x456;&#x432;&#x43D;&#x435;&#x43D;. &#x434;&#x438;&#x440;&#x435;&#x43A;&#x446;&#x456;&#x457; &#x432;&#x456;&#x434;&#x43A;&#x440;&#x438;&#x442;&#x43E;&#x433;&#x43E; &#x430;&#x43A;&#x446;&#x456;&#x43E;&#x43D;&#x435;&#x440;. &#x442;-&#x432;&#x430; "&#x423;&#x43A;&#x440;&#x442;&#x435;&#x43B;&#x435;&#x43A;&#x43E;&#x43C;"]</subfield>
  </datafield>
  <datafield tag="300" ind1=" " ind2=" ">
    <subfield code="a">&#x421;.1</subfield>
  </datafield>
  <datafield tag="955" ind1=" " ind2=" ">
    <subfield code="a">0</subfield>
  </datafield>
  <datafield tag="773" ind1="0" ind2=" ">
    <subfield code="w">0</subfield>
    <subfield code="t">&#x417;&#x430; &#x432;&#x456;&#x434;&#x440;&#x43E;&#x434;&#x436;&#x435;&#x43D;&#x43D;&#x44F;</subfield>
    <subfield code="d">&#x420;&#x456;&#x432;&#x43D;&#x435;</subfield>
    <subfield code="d">2003</subfield>
    <subfield code="g">&#x2116;46/14 &#x43B;&#x438;&#x441;&#x442;&#x43E;&#x43F;./</subfield>
  </datafield>
  <datafield tag="650" ind1=" " ind2="7">
    <subfield code="a">&#x417;&#x432;'&#x44F;&#x437;&#x43E;&#x43A;</subfield>
    <subfield code="2">UDC</subfield>
  </datafield>
  <datafield tag="999" ind1=" " ind2=" ">
    <subfield code="c">301999</subfield>
    <subfield code="d">301999</subfield>
  </datafield>
</record>
